000 00643nam a22001575i 4500
001 152003
003 ES-MaACL
005 20230906204504.0
008 950206s1884 sp |||| | spa d
040 _aCLM
_bspa
_cCCPB | PA2
100 1 _aBerriz, Julio.
_928389
245 1 0 _aConcepto filosófico de la escuela
_b: discurso inaugural que en la sesión presidida por el Ilmo. Sr. Obispo de Santander leyó Don Julio Berriz.
260 _aMadrid :
_b[s.n.],
_c1884 (
_fImprenta de La Ilustración Nacional)
300 _a24 p. ;
_c22 cm.
852 _aES-MaACL
_jT-367-F-3
_z-- Enc. hol., falto de la enc. original
_z-- Enc. en un vol. facticio
999 _c152003
_d152003